00994nam a2200265 i 4500003000900000005001700009007000300026008004100029040003000070082001900100100001000119110011800129242001800247245009500265264004600360300002700406336002700433337003400460338002800494590002600522910000700548942001300555952014300568999001700711DO-SdBNP20250828101919.0ta250828s1988 dr 000 j spa d aDO-SdBNPbspacBNPHUerda axxxbR426L222 920516 aRepública Dominicana.bSecretaria de Estado de Finanzas, Dirección General del Impuesto Sobre la Renta932074 a[Leyes, etc.]10aLey no. 18-88 Impuesto sobre las viviendas suntuarias y los solares urbanos no edificados  1aSanto Domingo :bCongreso Nacional,c1988 a8 páginas, c22 cm. 2rdacontentatextobtxt 2rdamediaasin mediación bn 2rdacarrieravolumenbnc aInventariado, 2025/DG aDG 2ddccLF2 00102ddc51708PDaBNPHUbBNPHUcCTd2025-08-28edonaciónl0oBNPHU PD R426Lp2025-8980r2025-08-28w2025-08-28yLF2zBienvenido Brito c59838d59838